000 01090nam0a22002531 4500
001 rc\2643655
005 20250529190143.0
035 _a(NLR Aleph) 006951465
090 _a5251680
_c5251680
100 _a20110607d1929 |||y0rusy50 ca
101 0 _arus
102 _aRU
105 _aa z |||||
200 1 _aНовая кройка
_eПростейший способ научиться кроить по новой системе
_eДополнение: наглядное пособие для руководительниц курсов кройки и шитья и групповых занятий с детьми и взрослыми
_iКурс шитья
_fО. Гринкевич и Л. Смирнова
205 _a2-е изд.
210 _aМосква
_cИзд. авторов
_d1929
_eГомель
_gтип. Полеспечать
215 _a176 с.
_cил., черт.
_d26х18 см
700 1 _aГринкевич
_bО.
701 1 _aСмирнова
_bЛ.
801 0 _aRU
_bNLR
_gpsbo
801 1 _aRU
_bELAR
_2rusmarc
852 _aNLR
_j68/432
942 _cBOOK
980 _aNB